01250nas a2200325 4500001001000000003000900010005001700019007000300036008003400039040005400073041000900127072000800136100001600144100001600160100001700176100001400193100001500207100002100222245014400243246013200387650001200519650001700531650001100548650001400559773012500573909004000698942001800738999001900756952014900775BR8702113BR-BrBNA20231205090644.0ta230509b bl.|||p| |||| 00| 00por d aBR-BrBNAbporcBiblioteca Nacional de Agricultura a(Pt) aH101 aTakaoka, M.1 aSilva, J.M.1 aRaizer, A.J.1 aMotta, R.1 aKato, W.Y.1 aMariconi, F.A.M.1 aCombate ao acaro rajado Tetranychus urticae Koch, 1836 e ao bicudo do algodao Anthonomus grandis grandis Boheman, 1843 [Gossypium hirsutum]1 aControl of the "two-spotted spider mite" Tetranychus urticae Koch, 1836 and cotton boll weevil Anthonomus grandis Boheman, 1843 aALGODAO aACARO RAJADO aBICUDO aDEFENSIVO0 tAnais da Escola Superior de Agricultura Luiz de Queiroz (Brazil)xISSN 0071-1276g(1985), v. 42(2) p. 571-584wBR8702113 a202311bLúciac55dLúcia Elande 2AGRISn0cANA c120054d120054 002AGRIS4071a41918b41918cPeriódicos Agrícolash(1985), v. 42(2) p. 571-584l0r2023-11-29t01yCRePortaria Interministerial nº 164/94